<?xml version="1.0" encoding="UTF-8"?>
<record
    xmlns:xsi="http://www.w3.org/2001/XMLSchema-instance"
    xsi:schemaLocation="http://www.loc.gov/MARC21/slim http://www.loc.gov/standards/marcxml/schema/MARC21slim.xsd"
    xmlns="http://www.loc.gov/MARC21/slim">

  <leader>02291nam0a2200397   4500</leader>
  <controlfield tag="001">RU\NLR\BIBL_A\011682936</controlfield>
  <controlfield tag="005">20180515142326.0</controlfield>
  <datafield tag="010" ind1=" " ind2=" ">
    <subfield code="a">978-5-8200-0429-2</subfield>
    <subfield code="9">500</subfield>
  </datafield>
  <datafield tag="021" ind1=" " ind2=" ">
    <subfield code="a">RU</subfield>
    <subfield code="b">&#x41A;&#x41D;-&#x41F;-18-019452</subfield>
    <subfield code="9">&#x41A;&#x41D;-&#x41F;-18-1416</subfield>
  </datafield>
  <datafield tag="035" ind1=" " ind2=" ">
    <subfield code="a">(NLR Aleph) 011682936</subfield>
  </datafield>
  <datafield tag="035" ind1=" " ind2=" ">
    <subfield code="a">(RuMoRGB)009573863</subfield>
  </datafield>
  <datafield tag="090" ind1=" " ind2=" ">
    <subfield code="a">11296898</subfield>
    <subfield code="c">11296898</subfield>
  </datafield>
  <datafield tag="100" ind1=" " ind2=" ">
    <subfield code="a">20180417d2016    k  y0rusy50      ca</subfield>
  </datafield>
  <datafield tag="101" ind1="0" ind2=" ">
    <subfield code="a">rus</subfield>
  </datafield>
  <datafield tag="102" ind1=" " ind2=" ">
    <subfield code="a">RU</subfield>
  </datafield>
  <datafield tag="105" ind1=" " ind2=" ">
    <subfield code="a">a   z   000zy</subfield>
  </datafield>
  <datafield tag="200" ind1="1" ind2=" ">
    <subfield code="a">&#x413;&#x435;&#x43E;&#x44D;&#x43A;&#x43E;&#x43B;&#x43E;&#x433;&#x438;&#x44F; &#x438; &#x431;&#x435;&#x441;&#x43F;&#x43E;&#x437;&#x432;&#x43E;&#x43D;&#x43E;&#x447;&#x43D;&#x44B;&#x435; &#x436;&#x438;&#x432;&#x43E;&#x442;&#x43D;&#x44B;&#x435; &#x43C;&#x435;&#x43B;&#x438;&#x43E;&#x440;&#x438;&#x440;&#x443;&#x435;&#x43C;&#x44B;&#x445; &#x437;&#x435;&#x43C;&#x435;&#x43B;&#x44C; &#x411;&#x430;&#x439;&#x43A;&#x430;&#x43B;&#x44C;&#x441;&#x43A;&#x43E;&#x439; &#x43F;&#x440;&#x438;&#x440;&#x43E;&#x434;&#x43D;&#x43E;&#x439; &#x442;&#x435;&#x440;&#x440;&#x438;&#x442;&#x43E;&#x440;&#x438;&#x438;</subfield>
    <subfield code="e">&#x43C;&#x43E;&#x43D;&#x43E;&#x433;&#x440;&#x430;&#x444;&#x438;&#x44F;</subfield>
    <subfield code="f">&#x42E;. &#x41C;. &#x418;&#x43B;&#x44C;&#x438;&#x43D;, &#x422;. &#x41F;. &#x41D;&#x438;&#x445;&#x438;&#x43B;&#x435;&#x435;&#x432;&#x430;, &#x41C;. &#x412;. &#x421;&#x435;&#x43C;&#x435;&#x43D;&#x43E;&#x432;&#x430;</subfield>
    <subfield code="g">&#x41C;&#x438;&#x43D;&#x438;&#x441;&#x442;&#x435;&#x440;&#x441;&#x442;&#x432;&#x43E; &#x441;&#x435;&#x43B;&#x44C;&#x441;&#x43A;&#x43E;&#x433;&#x43E; &#x445;&#x43E;&#x437;&#x44F;&#x439;&#x441;&#x442;&#x432;&#x430; &#x420;&#x43E;&#x441;&#x441;&#x438;&#x439;&#x441;&#x43A;&#x43E;&#x439; &#x424;&#x435;&#x434;&#x435;&#x440;&#x430;&#x446;&#x438;&#x438;, &#x424;&#x413;&#x411;&#x41E;&#x423; &#x412;&#x41E; "&#x411;&#x443;&#x440;&#x44F;&#x442;&#x441;&#x43A;&#x430;&#x44F; &#x433;&#x43E;&#x441;&#x443;&#x434;&#x430;&#x440;&#x441;&#x442;&#x432;&#x435;&#x43D;&#x43D;&#x430;&#x44F; &#x441;&#x435;&#x43B;&#x44C;&#x441;&#x43A;&#x43E;&#x445;&#x43E;&#x437;&#x44F;&#x439;&#x441;&#x442;&#x432;&#x435;&#x43D;&#x43D;&#x430;&#x44F; &#x430;&#x43A;&#x430;&#x434;&#x435;&#x43C;&#x438;&#x44F; &#x438;&#x43C;&#x435;&#x43D;&#x438; &#x412;. &#x420;. &#x424;&#x438;&#x43B;&#x438;&#x43F;&#x43F;&#x43E;&#x432;&#x430;" [&#x438; &#x434;&#x440;.]</subfield>
  </datafield>
  <datafield tag="210" ind1=" " ind2=" ">
    <subfield code="a">&#x423;&#x43B;&#x430;&#x43D;-&#x423;&#x434;&#x44D;</subfield>
    <subfield code="c">&#x418;&#x437;&#x434;-&#x432;&#x43E; &#x411;&#x413;&#x421;&#x425;&#x410; &#x438;&#x43C;&#x435;&#x43D;&#x438; &#x412;. &#x420;. &#x424;&#x438;&#x43B;&#x438;&#x43F;&#x43F;&#x43E;&#x432;&#x430;</subfield>
    <subfield code="d">2016</subfield>
  </datafield>
  <datafield tag="215" ind1=" " ind2=" ">
    <subfield code="a">196 &#x441;.</subfield>
    <subfield code="c">&#x438;&#x43B;., &#x442;&#x430;&#x431;&#x43B;.</subfield>
    <subfield code="d">21</subfield>
  </datafield>
  <datafield tag="320" ind1=" " ind2=" ">
    <subfield code="a">&#x411;&#x438;&#x431;&#x43B;&#x438;&#x43E;&#x433;&#x440;.: &#x441;. 180-196 (292 &#x43D;&#x430;&#x437;&#x432;.)</subfield>
  </datafield>
  <datafield tag="606" ind1="1" ind2=" ">
    <subfield code="a">&#x41F;&#x43E;&#x447;&#x432;&#x435;&#x43D;&#x43D;&#x44B;&#x435; &#x431;&#x435;&#x441;&#x43F;&#x43E;&#x437;&#x432;&#x43E;&#x43D;&#x43E;&#x447;&#x43D;&#x44B;&#x435; &#x43C;&#x435;&#x43B;&#x438;&#x43E;&#x440;&#x438;&#x440;&#x43E;&#x432;&#x430;&#x43D;&#x43D;&#x44B;&#x445; &#x437;&#x435;&#x43C;&#x435;&#x43B;&#x44C;</subfield>
    <subfield code="y">&#x411;&#x430;&#x439;&#x43A;&#x430;&#x43B;, &#x43E;&#x437;&#x435;&#x440;&#x43E; (&#x421;&#x438;&#x431;&#x438;&#x440;&#x44C; &#x42E;&#x433;&#x43E;-&#x412;&#x43E;&#x441;&#x442;&#x43E;&#x447;&#x43D;&#x430;&#x44F;)</subfield>
    <subfield code="x">&#x411;&#x430;&#x441;&#x441;&#x435;&#x439;&#x43D;</subfield>
    <subfield code="2">nlr_sh2</subfield>
    <subfield code="3">RU\NLR\AUTH\6601634797</subfield>
  </datafield>
  <datafield tag="606" ind1="1" ind2=" ">
    <subfield code="a">&#x41F;&#x440;&#x438;&#x440;&#x43E;&#x434;&#x43D;&#x44B;&#x435; &#x443;&#x441;&#x43B;&#x43E;&#x432;&#x438;&#x44F;</subfield>
    <subfield code="y">&#x411;&#x430;&#x439;&#x43A;&#x430;&#x43B;, &#x43E;&#x437;&#x435;&#x440;&#x43E; (&#x421;&#x438;&#x431;&#x438;&#x440;&#x44C; &#x42E;&#x433;&#x43E;-&#x412;&#x43E;&#x441;&#x442;&#x43E;&#x447;&#x43D;&#x430;&#x44F;)</subfield>
    <subfield code="x">&#x411;&#x430;&#x441;&#x441;&#x435;&#x439;&#x43D;</subfield>
    <subfield code="2">nlr_sh2</subfield>
    <subfield code="3">RU\NLR\AUTH\6601592471</subfield>
  </datafield>
  <datafield tag="686" ind1=" " ind2=" ">
    <subfield code="a">&#x41F;9(2&#x420;54,7)06,0</subfield>
    <subfield code="2">rubbk</subfield>
  </datafield>
  <datafield tag="686" ind1=" " ind2=" ">
    <subfield code="a">&#x415;691-812.4,0</subfield>
    <subfield code="2">rubbk</subfield>
  </datafield>
  <datafield tag="686" ind1=" " ind2=" ">
    <subfield code="a">&#x415;681.895,0</subfield>
    <subfield code="2">rubbk</subfield>
  </datafield>
  <datafield tag="686" ind1="1" ind2=" ">
    <subfield code="a">&#x414;829(2&#x420;54,7)</subfield>
  </datafield>
  <datafield tag="686" ind1="1" ind2=" ">
    <subfield code="a">&#x41F;032.50(2&#x420;54,7)</subfield>
  </datafield>
  <datafield tag="686" ind1="1" ind2=" ">
    <subfield code="a">&#x41F;06(2&#x420;54,7)</subfield>
  </datafield>
  <datafield tag="700" ind1=" " ind2="1">
    <subfield code="a">&#x418;&#x43B;&#x44C;&#x438;&#x43D;</subfield>
    <subfield code="b">&#x42E;. &#x41C;.</subfield>
    <subfield code="c">&#x43A;&#x430;&#x43D;&#x434;. &#x441;.-&#x445;. &#x43D;&#x430;&#x443;&#x43A;</subfield>
    <subfield code="g">&#x42E;&#x440;&#x438;&#x439; &#x41C;&#x438;&#x445;&#x430;&#x439;&#x43B;&#x43E;&#x432;&#x438;&#x447;</subfield>
    <subfield code="3">RU\NLR\AUTH\77113238</subfield>
  </datafield>
  <datafield tag="701" ind1=" " ind2="1">
    <subfield code="a">&#x41D;&#x438;&#x445;&#x438;&#x43B;&#x435;&#x435;&#x432;&#x430;</subfield>
    <subfield code="b">&#x422;. &#x41F;.</subfield>
    <subfield code="g">&#x422;&#x430;&#x43C;&#x430;&#x440;&#x430; &#x41F;&#x435;&#x442;&#x440;&#x43E;&#x432;&#x43D;&#x430;</subfield>
  </datafield>
  <datafield tag="701" ind1=" " ind2="1">
    <subfield code="a">&#x421;&#x435;&#x43C;&#x435;&#x43D;&#x43E;&#x432;&#x430;</subfield>
    <subfield code="b">&#x41C;. &#x412;.</subfield>
    <subfield code="c">&#x430;&#x433;&#x440;&#x43E;&#x43D;&#x43E;&#x43C;, &#x43C;&#x435;&#x43B;&#x438;&#x43E;&#x440;&#x430;&#x446;&#x438;&#x44F;</subfield>
    <subfield code="g">&#x41C;&#x430;&#x440;&#x438;&#x44F; &#x412;&#x43B;&#x430;&#x434;&#x438;&#x43C;&#x438;&#x440;&#x43E;&#x432;&#x43D;&#x430;</subfield>
    <subfield code="3">RU\NLR\AUTH\770188590</subfield>
  </datafield>
  <datafield tag="942" ind1=" " ind2=" ">
    <subfield code="c">BOOK</subfield>
  </datafield>
  <datafield tag="980" ind1=" " ind2=" ">
    <subfield code="a">NBR</subfield>
  </datafield>
  <datafield tag="980" ind1=" " ind2=" ">
    <subfield code="a">NB</subfield>
  </datafield>
</record>
